<?xml version="1.0" encoding="UTF-8"?>
<collection xmlns="http://www.loc.gov/MARC21/slim">
 <record>
  <leader>01078pamaa2200217   4500</leader>
  <controlfield tag="001">0000050639</controlfield>
  <controlfield tag="005">20140919090000.0</controlfield>
  <controlfield tag="008">120918s2011                            eng  </controlfield>
  <datafield tag="020" ind1="0" ind2="0">
   <subfield code="a">9780861719068 (pbk.) </subfield>
  </datafield>
  <datafield tag="090" ind1="0" ind2="0">
   <subfield code="a">BQ5630.V5 </subfield>
   <subfield code="b">GUN 2011</subfield>
  </datafield>
  <datafield tag="100" ind1="1" ind2="0">
   <subfield code="a">Gunaratana </subfield>
  </datafield>
  <datafield tag="245" ind1="1" ind2="0">
   <subfield code="a">Mindfulness in plain English  </subfield>
   <subfield code="c">Bhante Henepola Gunaratana.</subfield>
  </datafield>
  <datafield tag="250" ind1="0" ind2="0">
   <subfield code="a">20th / </subfield>
   <subfield code="c">anniversary ed.</subfield>
  </datafield>
  <datafield tag="260" ind1="0" ind2="0">
   <subfield code="a">Boston [Mass.]: </subfield>
   <subfield code="b">Wisdom Publications, </subfield>
   <subfield code="c">2011.</subfield>
  </datafield>
  <datafield tag="300" ind1=" " ind2=" ">
   <subfield code="a">ix, 208 p.; </subfield>
   <subfield code="c">23 cm.</subfield>
  </datafield>
  <datafield tag="501" ind1="0" ind2="0">
   <subfield code="a">COLAL</subfield>
  </datafield>
  <datafield tag="504" ind1="0" ind2="0">
   <subfield code="a">Includes bibliographical references and index</subfield>
  </datafield>
  <datafield tag="505" ind1="0" ind2="0">
   <subfield code="a">Meditation: why bother? -- What meditation isn't -- What meditationis -- Attitude -- The practice -- What to do with your body -- What to do with your mind -- Structuring your meditation -- Set-up exercises -- Dealing with problems -- Dealing with distractions 1 -- Dealing with distractions II -- Mindfulness (Sati) -- Mindfulness versus concentration -- Meditation in everyday life -- What's in it for you</subfield>
  </datafield>
  <datafield tag="650" ind1="0" ind2="0">
   <subfield code="a">Meditation -- </subfield>
   <subfield code="x">Buddhism </subfield>
  </datafield>
  <datafield tag="650" ind1="0" ind2="0">
   <subfield code="a">Vipasyana (Buddhism) </subfield>
  </datafield>
  <datafield tag="901" ind1=" " ind2=" ">
   <subfield code="u">www.wisdompubs.org</subfield>
  </datafield>
 </record>
</collection>
